Helliconia spring /

Bibliographic Details
Main Author: Aldiss, Brian W. (Brian Wilson), 1925-
Format: Book
Language:English
Published: New York : Atheneum, 1982.
Edition:1st ed.

MARC

Tag First Indicator Second Indicator Subfields
LEADER 00000pam a2200000 a 4500
001 in00000090723
005 20150923130943.0
008 811117s1982 nyu 00011 eng
010 |a  81066036  
020 |a 0689111967 
035 |a (OCoLC)07672529 
035 |9 AAK6562AM 
039 0 |a 2  |b 3  |c 3  |d 3  |e 3 
040 |a DLC  |c DLC  |d TXA  |d UtOrBLW 
049 |a TXAS  |c [1422358] 
050 0 0 |a PR6051 L3  |b  H4 1982 
082 0 |a 823/.914  |2 19 
100 1 |a Aldiss, Brian W.  |q (Brian Wilson),  |d 1925- 
245 1 0 |a Helliconia spring /  |c Brian W. Aldiss. 
250 |a 1st ed. 
264 1 |a New York :  |b Atheneum,  |c 1982. 
300 |a 361 pages ;  |c 24 cm. 
336 |a text  |b txt  |2 rdacontent 
337 |a unmediated  |b n  |2 rdamedia 
338 |a volume  |b nc  |2 rdacarrier 
500 |a "The painting on the ... jacket is a detail from The battle of Alexander, by Albrecht Altdorfer ... "--Dust jacket. 
999 |a MARS 
999 f f |s 28a13ec4-95fd-354d-b9da-aef9c249e137  |i 1bae45af-c163-3bcf-b7cc-c329b51064cb  |t 0 
952 f f |p noncirc  |a Texas A&M University  |b College Station  |c Cushing Memorial Library & Archives  |d Cushing: Science Fiction (Does not check out)  |t 0  |e PR6051 L3 H4 1982  |h Library of Congress classification  |i unmediated -- volume  |m A14805997005 
998 f f |a PR6051 L3 H4 1982  |t 0  |l Cushing: Science Fiction (Does not check out)